| 000 -LEADER |
| fixed length control field |
01234 a2200301 4500 |
| 003 - CONTROL NUMBER IDENTIFIER |
| control field |
Nust |
| 005 - DATE AND TIME OF LATEST TRANSACTION |
| control field |
20170207154035.0 |
| 010 ## - LIBRARY OF CONGRESS CONTROL NUMBER |
| LC control number |
2002152222 |
| 020 ## - INTERNATIONAL STANDARD BOOK NUMBER |
| International Standard Book Number |
0520237927 (alk. paper) |
| 020 ## - INTERNATIONAL STANDARD BOOK NUMBER |
| International Standard Book Number |
0520237935 (pbk. : alk. paper) |
| 040 ## - CATALOGING SOURCE |
| Transcribing agency |
Nust |
| 082 00 - DEWEY DECIMAL CLASSIFICATION NUMBER |
| Classification number |
599.93/5 |
| 245 00 - TITLE STATEMENT |
| Title |
Genetic nature/culture(E-BOOK) |
| Remainder of title |
anthropology and science beyond the two-culture divide / |
| Statement of responsibility, etc. |
edited by Alan H. Goodman, Deborah Heath, and M. Susan Lindee. |
| 260 ## - PUBLICATION, DISTRIBUTION, ETC. |
| Place of publication, distribution, etc. |
Berkeley : |
| Name of publisher, distributor, etc. |
University of California Press, |
| Date of publication, distribution, etc. |
c2003. |
| 300 ## - PHYSICAL DESCRIPTION |
| Extent |
xvii, 311 p. : |
| Other physical details |
ill. ; |
| Dimensions |
24 cm. |
| 505 ## - FORMATTED CONTENTS NOTE |
| Formatted contents note |
Part 1. Nature/Culture (Page-23) Part II. Culture/Nature (Page-155) |
| 650 #0 - SUBJECT ADDED ENTRY--TOPICAL TERM |
| Topical term or geographic name entry element |
Anthropological ethics |
| 650 #0 - SUBJECT ADDED ENTRY--TOPICAL TERM |
| Topical term or geographic name entry element |
Human genetics |
| General subdivision |
Moral and ethical aspects |
| 650 #0 - SUBJECT ADDED ENTRY--TOPICAL TERM |
| Topical term or geographic name entry element |
Human genetics |
| General subdivision |
Research |
| 650 #0 - SUBJECT ADDED ENTRY--TOPICAL TERM |
| Topical term or geographic name entry element |
Human population genetics |
| 651 ## - SUBJECT ADDED ENTRY--GEOGRAPHIC NAME |
| Geographic name |
E-BOOK |
| 700 1# - ADDED ENTRY--PERSONAL NAME |
| Personal name |
Goodman, Alan H. |
| 700 1# - ADDED ENTRY--PERSONAL NAME |
| Personal name |
Heath, Deborah, |
| Dates associated with a name |
1952- |
| 700 1# - ADDED ENTRY--PERSONAL NAME |
| Personal name |
Lindee, M. Susan. |
| 856 42 - ELECTRONIC LOCATION AND ACCESS |
| Materials specified |
Contributor biographical information |
| Uniform Resource Identifier |
<a href="http://www.loc.gov/catdir/bios/ucal052/2002152222.html">http://www.loc.gov/catdir/bios/ucal052/2002152222.html</a> |
| 856 42 - ELECTRONIC LOCATION AND ACCESS |
| Materials specified |
Publisher description |
| Uniform Resource Identifier |
<a href="http://www.loc.gov/catdir/description/ucal042/2002152222.html">http://www.loc.gov/catdir/description/ucal042/2002152222.html</a> |
| 856 42 - ELECTRONIC LOCATION AND ACCESS |
| Materials specified |
Table of contents |
| Uniform Resource Identifier |
<a href="http://www.loc.gov/catdir/toc/fy042/2002152222.html">http://www.loc.gov/catdir/toc/fy042/2002152222.html</a> |
| 942 ## - ADDED ENTRY ELEMENTS (KOHA) |
| Source of classification or shelving scheme |
|
| Koha item type |
Book |